Poesia als parcs : les veus de la natura / [coordinació del cicle: Carles Hac Mor i Ester Xargay] les veus de la natura / [coordinació del cicle:
MARC
| LEADER | 00000nam a2200000Ia 4500 | ||
|---|---|---|---|
| 001 | 21733 | ||
| 008 | 160829s2009 xx 000 0 cat d | ||
| 080 | |a FU-43-54 | ||
| 245 | |a Poesia als parcs : |b les veus de la natura / [coordinació del cicle: |b Carles Hac Mor i Ester Xargay] | ||
| 260 | |a Barcelona : |b Diputació de Barcelona. Àrea d'Espais Naturals : |b Xarxa de Parcs Naturals, |c 2009 | ||
| 300 | |a [6] p. : |b il. ; |c 16 cm | ||
| 590 | |a A la part inferior de la coberta: D'abril a novembre de 2009. | ||
| 590 | |a El cicle poètic Poesia als parcs està inclòs en el programa cultural Viu el Parc de l'any 2008 | ||
| 650 | |a Poesia |x Antologies |9 36633 | ||
| 700 | 1 | |a Hac Mor, Carles, |d 1940-2016 |e editor literari |9 42084 | |
| 700 | |a Xargay, Ester, coord. |9 40016 |e editor literari | ||
| 710 | 1 | |a Barcelona (Catalunya : Província). |b Xarxa de Parcs Naturals |9 7250 | |
| 710 | |a Barcelona (Catalunya : Província). |b Àrea d'Espais Naturals |9 9050 | ||
| 901 | |a Arxiu | ||
| 942 | |n 1 |2 udc | ||
| 952 | |0 0 |1 0 |4 0 |6 FU4354 |7 1 |9 52864 |a Arxiu |b Arxiu |d 2016-12-01 |l 0 |o FU-43-54 |p 21733 |r 2016-12-01 00:00:00 |w 2016-12-01 |y ARXIU | ||
| 999 | |c 56713 |d 56713 | ||